The finite element method for elliptic problems : Vol. 4

Guardado en:
Detalles Bibliográficos
Autor principal: Ciarlet, Philippe G. (Autor)
Formato: Libro
Lenguaje:inglés
Publicado: Amsterdam : North-Holland Publishing Company, 1978
Etiquetas: Agregar Etiqueta
Sin Etiquetas, Sea el primero en etiquetar este registro!

MARC

LEADER 00000nam a22000003a 4500
001 stu208607
005 20150617230101.2
008 100802s1978----ne------------------eng-d
040 |a STU  |b slo 
041 0 |a eng 
044 |a ne 
080 |a 515  |7 stu_us_auth*stu4299 
100 1 |a Ciarlet, Philippe G.  |4 aut 
245 1 |a The finite element method for elliptic problems :  |b Vol. 4 
260 |a Amsterdam :  |b North-Holland Publishing Company,  |c 1978 
300 |a 530 s 
996 |b 284V037945  |c V* 53484/O-24644  |l VVT  |s A  |a 24  |w stu208607_0002